[Event "ICS rated blitz match"]
[Site "204.178.125.65"]
[Date "2000.04.18"]
[Round "?"]
[White "QueenMaxima"]
[Black "Hossa"]
[Result "0-1"]
[WhiteElo "2471"]
[BlackElo "2480"]
[PlyCount "85"]
[EventDate "2000.??.??"]

1. d4 d5 2. c4 e6 3. Nc3 Nf6 4. Nf3 c5 5. cxd5 Nxd5 6. e3 Nc6 7. Bd3 cxd4 8.
exd4 Bb4 9. Bd2 Nf6 10. a3 Be7 11. Be3 O-O 12. Qc2 Bd7 13. O-O Rc8 14. Rfc1 Qc7
15. Ng5 Ng4 16. Bxh7+ Kh8 17. Bf4 Qxf4 18. Nf3 Nxd4 19. Nxd4 Qxh2+ 20. Kf1 Qxh7
21. Qxh7+ Kxh7 22. Ne4 Bf6 23. Nxf6+ Nxf6 24. b3 Rxc1+ 25. Rxc1 Nd5 26. Rc5 Nf4
27. Rc7 Rd8 28. Kg1 Be8 29. Nf3 Ne2+ 30. Kh1 Rd1+ 31. Kh2 Rd5 32. g4 Rd3 33.
Ne5 Rxb3 34. Nxf7 Bxf7 35. Rxf7 Rxa3 36. Rxb7 Nf4 37. Rc7 Kg6 38. Kg1 Ra2 39.
Kh1 Rxf2 40. Rxa7 Rg2 41. Rb7 Rxg4 42. Rb6 Kf5 43. Rb7 {QueenMaxima resigns}
0-1

[Event "ICS rated blitz match"]
[Site "204.178.125.65"]
[Date "2000.04.18"]
[Round "?"]
[White "Hossa"]
[Black "Drunk"]
[Result "1-0"]
[WhiteElo "2496"]
[BlackElo "2569"]
[PlyCount "105"]
[EventDate "2000.??.??"]

1. e4 c5 2. Nf3 Nc6 3. d4 cxd4 4. Nxd4 g6 5. Nc3 Bg7 6. Be3 Nf6 7. Bc4 O-O 8.
Bb3 d6 9. f3 Nxd4 10. Bxd4 Be6 11. O-O Bd7 12. Qd2 Qa5 13. Rad1 Rfd8 14. f4 e5
15. fxe5 dxe5 16. Qg5 Bg4 17. Rxf6 Bxd1 18. Rxf7 Re8 19. Nxd1 Kh8 20. Bf2 b6
21. Nc3 Rf8 22. Qe7 Rxf7 23. Bxf7 Rf8 24. Bc4 Ra8 25. a4 b5 26. Bxb5 h6 27. b4
Qd8 28. Qxd8+ Rxd8 29. Bxa7 Rc8 30. Bc5 Bf8 31. Bxf8 Rxf8 32. Nd5 Kg7 33. c3
Kf7 34. Kf2 Ke6+ 35. Ke2 Kd6 36. c4 Ke6 37. h3 h5 38. h4 g5 39. hxg5 Rf7 40.
Be8 Rg7 41. g6 h4 42. Kf3 Ra7 43. Kg4 Rg7 44. Kh5 Ra7 45. Kh6 Rb7 46. g7 Rxg7
47. Kxg7 h3 48. gxh3 Kd6 49. c5+ Ke6 50. c6 Kd6 51. c7 Ke6 52. c8=Q+ Kd6 53.
Qc6# {Drunk checkmated} 1-0

[Event "ICS rated blitz match"]
[Site "204.178.125.65"]
[Date "2000.04.18"]
[Round "?"]
[White "Hossa"]
[Black "Zippy"]
[Result "0-1"]
[WhiteElo "2500"]
[BlackElo "2166"]
[PlyCount "152"]
[EventDate "2000.??.??"]

1. e4 c6 2. d4 d5 3. Nc3 dxe4 4. Nxe4 Nd7 5. Bc4 Ngf6 6. Ng5 e6 7. Qe2 Nb6 8.
Bd3 Qxd4 9. N1f3 Qd5 10. O-O h6 11. Ne4 Nxe4 12. Bxe4 Qh5 13. Bd2 Bc5 14. b4
Bd6 15. Rfe1 f5 16. Bd3 Nd5 17. b5 O-O 18. bxc6 bxc6 19. Rab1 Rb8 20. Rxb8 Bxb8
21. Bc4 Bd6 22. Ba5 Bc5 23. Qd2 Re8 24. Ne5 a6 25. Nxc6 Nf6 26. Be2 Qh4 27. Bf3
Ng4 28. Bxg4 Qxg4 29. Qc3 Bd6 30. Qd3 Bf8 31. c4 Qf4 32. Ne5 Bc5 33. Qc2 Bb7
34. Qe2 Be4 35. Bc3 Rd8 36. g3 Qg5 37. Ba5 Rd6 38. Qb2 Qf6 39. Qb8+ Kh7 40. Bc3
Qe7 41. Bb4 Bxb4 42. Qxb4 Rd1 43. c5 Qxc5 44. Qxe4 fxe4 45. Rxd1 Qxe5 46. Re1
Kg6 47. g4 Qd5 48. a3 Qd3 49. Re3 Qc2 50. Kg2 Kg5 51. h3 Kf4 52. Kg1 e5 53. Rg3
g6 54. Re3 h5 55. gxh5 gxh5 56. Rg3 h4 57. Re3 Qc4 58. Kg2 Qc1 59. Rb3 a5 60.
Re3 a4 61. Kh2 Qd1 62. Kg2 Qa1 63. Re2 Qxa3 64. Rc2 Qb3 65. Rc6 a3 66. Ra6 a2
67. Kg1 Qd1+ 68. Kg2 a1=Q 69. Rxa1 Qxa1 70. Kh2 Qf1 71. f3 Qe2+ 72. Kg1 Qe1+
73. Kh2 Qg3+ 74. Kh1 Qxh3+ 75. Kg1 Kg3 76. fxe4 Qg2# {Hossa checkmated} 0-1

[Event "ICS rated blitz match"]
[Site "204.178.125.65"]
[Date "2000.04.18"]
[Round "?"]
[White "Tejas"]
[Black "Hossa"]
[Result "1-0"]
[WhiteElo "2209"]
[BlackElo "2472"]
[PlyCount "181"]
[EventDate "2000.??.??"]

1. e4 g6 2. d4 d6 3. Nc3 Nf6 4. Be3 Nbd7 5. f3 e5 6. Nge2 Bg7 7. Qd2 O-O 8.
O-O-O b6 9. g4 Bb7 10. Ng3 exd4 11. Bxd4 Re8 12. h4 Ne5 13. Be2 Nc6 14. Be3 Nd7
15. h5 Na5 16. Bh6 Be5 17. f4 Bf6 18. Bd3 gxh5 19. Rxh5 Nc5 20. Qh2 Bxc3 21.
bxc3 f6 22. Bg7 Na4 23. Rxh7 Qc8 24. Rh8+ Kf7 25. Qh5+ Ke6 26. Qf5+ Ke7 27.
Qxf6+ Kd7 28. Bb5+ Bc6 29. Qf5+ Re6 30. Rxc8 Rxc8 31. Nh5 Bxb5 32. Nf6+ Ke7 33.
Nd5+ Kd7 34. Qf7+ Kc6 35. Qxe6 Kb7 36. f5 Nc5 37. Qe7 Be2 38. f6 Nc6 39. Qf7
Ne5 40. Qh5 Bxg4 41. Qxg4 Nxg4 42. f7 Ne6 43. Rf1 Nf8 44. Ne7 Rd8 45. Bxf8 Ne3
46. Rf3 Rxf8 47. Ng6 Rxf7 48. Rxf7 Nc4 49. Ne7 Ne5 50. Rh7 Kb8 51. Nd5 c6 52.
Nb4 a5 53. Nd3 Nc4 54. Re7 Ne3 55. Kd2 Nc4+ 56. Ke2 Kc8 57. Kf3 Nd2+ 58. Kf4
Nb1 59. c4 Kd8 60. Rb7 Na3 61. Rxb6 Kc7 62. Rb1 Nxb1 63. c5 Nc3 64. cxd6+ Kxd6
65. a3 Nb5 66. a4 Nd4 67. c4 Ke7 68. Ne5 Kd6 69. Nf3 Nxf3 70. Kxf3 Ke5 71. Ke3
c5 72. Kf3 Kd4 73. Kf4 Kxc4 74. e5 Kd5 75. Kf5 c4 76. e6 c3 77. e7 c2 78. e8=Q
Kc4 79. Qe1 Kd3 80. Qc1 Kc3 81. Ke4 Kb3 82. Kd3 Kxa4 83. Qxc2+ Kb5 84. Qc4+ Kb6
85. Kd4 a4 86. Qxa4 Kc7 87. Kd5 Kb7 88. Qa5 Kc8 89. Kc6 Kb8 90. Qc7+ Ka8 91.
Qb7# {Hossa checkmated} 1-0

[Event "ICS rated blitz match"]
[Site "204.178.125.65"]
[Date "2000.04.18"]
[Round "?"]
[White "Hossa"]
[Black "Tejas"]
[Result "1-0"]
[WhiteElo "2446"]
[BlackElo "2235"]
[PlyCount "111"]
[EventDate "2000.??.??"]

1. e4 c5 2. Nf3 d6 3. d4 cxd4 4. Nxd4 Nf6 5. Nc3 g6 6. Be3 Bg7 7. f3 O-O 8. Qd2
Nc6 9. Bc4 Bd7 10. O-O-O a6 11. Kb1 b5 12. Bd5 Nxd5 13. Nxd5 Nxd4 14. Bxd4 Bxd4
15. Qxd4 Bc6 16. Nb4 Bb7 17. Qe3 a5 18. Nd3 a4 19. e5 a3 20. exd6 exd6 21. b3
Qf6 22. Rhe1 Rac8 23. Qe7 Qc3 24. Re2 Bd5 25. Qxd6 Bxb3 26. cxb3 Rfd8 27. Qxa3
Rxd3 28. Rc1 Qxc1+ 29. Qxc1 Rxc1+ 30. Kxc1 Rd5 31. a4 bxa4 32. bxa4 Ra5 33. Re4
f5 34. Rc4 g5 35. Kc2 Kg7 36. Rc7+ Kg6 37. Kb3 h5 38. Rc6+ Kg7 39. Kb4 Re5 40.
Rc2 f4 41. a5 Re6 42. Kb5 g4 43. a6 Re7 44. Rc5 Kg6 45. h3 gxf3 46. gxf3 Re3
47. Rc6+ Kg5 48. a7 Rb3+ 49. Ka4 Rb1 50. Rc3 Ra1+ 51. Ra3 Rxa3+ 52. Kxa3 Kh4
53. a8=Q Kg3 54. Kb3 Kxh3 55. Qd5 h4 56. Qg5 {Tejas resigns} 1-0

[Event "ICS rated blitz match"]
[Site "204.178.125.65"]
[Date "2000.04.18"]
[Round "?"]
[White "Hossa"]
[Black "MrsLovett"]
[Result "0-1"]
[WhiteElo "2469"]
[BlackElo "2708"]
[PlyCount "84"]
[EventDate "2000.??.??"]

1. e4 e5 2. Nf3 Nc6 3. Nc3 Nf6 4. Nxe5 Nxe5 5. d4 Ng6 6. e5 Ng8 7. Bc4 d6 8.
Qf3 Qd7 9. O-O dxe5 10. dxe5 Bc5 11. e6 fxe6 12. Rd1 Qf7 13. Bb5+ Ke7 14. Bg5+
Nf6 15. Ne4 Bb4 16. Qb3 a5 17. a3 Bd6 18. Qc4 e5 19. Nxd6 cxd6 20. Qc7+ Kf8 21.
Qd8+ Ne8 22. Rxd6 h6 23. Bd2 Ne7 24. Bxa5 Nc6 25. Bxc6 bxc6 26. Bb4 Kg8 27.
Rdd1 Bb7 28. Qd3 Nf6 29. Bc5 e4 30. Qd6 Kh7 31. Qe5 Rhd8 32. b3 Rd5 33. Rxd5
cxd5 34. Qd4 Qc7 35. Ra2 Ng4 36. g3 Ne5 37. Qe3 Nf3+ 38. Kg2 Qd7 39. Qf4 Ng5
40. g4 Ne6 41. Qd6 Nxc5 42. Qxd7 Nxd7 {Hossa resigns} 0-1

[Event "ICS rated blitz match"]
[Site "204.178.125.65"]
[Date "2000.04.18"]
[Round "?"]
[White "MrsLovett"]
[Black "Hossa"]
[Result "1-0"]
[WhiteElo "2714"]
[BlackElo "2463"]
[PlyCount "99"]
[EventDate "2000.??.??"]

1. e4 e5 2. Nf3 Nc6 3. Nc3 Nf6 4. d4 exd4 5. Nxd4 Bb4 6. Nxc6 bxc6 7. Bd3 d5 8.
exd5 cxd5 9. O-O O-O 10. Bg5 c6 11. Qf3 Bd6 12. Rfe1 h6 13. Bxf6 Qxf6 14. Qxf6
gxf6 15. Ne2 c5 16. Ng3 Bxg3 17. fxg3 Be6 18. c3 Rfe8 19. Kf2 Rab8 20. Re2 d4
21. b3 Bg4 22. Rxe8+ Rxe8 23. cxd4 cxd4 24. h3 Re3 25. Bf1 Bh5 26. g4 Bg6 27.
Rd1 Rc3 28. Rxd4 Rc2+ 29. Ke3 Rxa2 30. g3 Kg7 31. h4 Rb2 32. Bc4 a5 33. Rd7 Kh8
34. Ra7 Bc2 35. Rxa5 Bd1 36. Bxf7 Bxg4 37. Bd5 f5 38. Ra7 Rb1 39. Kf4 Rf1+ 40.
Ke5 Rd1 41. b4 Rd3 42. b5 Re3+ 43. Kf6 Bf3 44. Ra8+ Kh7 45. Bg8+ Kh8 46. Rf8
Re8 47. Rxe8 Bc6 48. bxc6 h5 49. Kg6 f4 50. Bf7# {Hossa checkmated} 1-0

[Event "ICS Rated blitz match"]
[Site "204.178.125.65"]
[Date "2000.04.18"]
[Round "?"]
[White "Hossa"]
[Black "MrsLovett"]
[Result "1/2-1/2"]
[WhiteElo "2457"]
[BlackElo "2720"]
[PlyCount "229"]
[EventDate "2000.??.??"]

1. e4 e5 2. Nf3 Nc6 3. Nc3 Nf6 4. Nxe5 Nxe5 5. d4 Ng6 6. e5 Ng8 7. Bc4 d6 8.
Qf3 Qd7 9. O-O dxe5 10. dxe5 Bc5 11. e6 fxe6 12. Rd1 Qf7 13. Bb5+ Ke7 14. Bg5+
Nf6 15. Ne4 Bb4 16. Qb3 a5 17. a3 Bd6 18. Qc4 e5 19. Nxd6 cxd6 20. Qc7+ Kf8 21.
Qd8+ Ne8 22. Rxd6 h6 23. Be3 Bd7 24. Rxd7 Rxd8 25. Rxd8 Qc7 26. Rad1 Qxc2 27.
Bxe8 Qxd1+ 28. Rxd1 Kxe8 29. Rd5 a4 30. Rb5 Kf7 31. Rxb7+ Ne7 32. Bc5 Rc8 33.
Rxe7+ Kf6 34. Rb7 Rxc5 35. g4 Rc2 36. Rb4 Kg5 37. Rxa4 Rxb2 38. Re4 Kf6 39. Rc4
Ra2 40. a4 Ke6 41. Rb4 Kd5 42. h4 Kc5 43. Re4 Kd5 44. f3 g6 45. g5 hxg5 46.
hxg5 Ke6 47. Kf1 Kf5 48. Rg4 Ke6 49. Rb4 Kf5 50. Ke1 Kxg5 51. Rg4+ Kf6 52. Kf1
g5 53. Rc4 Ke6 54. Rb4 Kd6 55. Ke1 Kc6 56. Rg4 Kd5 57. Re4 Ke6 58. Kf1 Kd6 59.
Rb4 Kc6 60. Ke1 Kd7 61. Rc4 Ra3 62. Kf2 Kd6 63. Kg3 Kd5 64. Re4 Kd6 65. Rb4 Kc5
66. Rg4 Kd5 67. Kg2 Kd6 68. Rb4 Kc6 69. Kf2 Kd6 70. Rc4 Ke6 71. Rg4 Kd6 72. Ke2
Kd5 73. Kf2 Ke6 74. Re4 Kd5 75. Kg2 Kd6 76. Kg3 Rb3 77. Rg4 Ra3 78. Kg2 Ra2+
79. Kg1 Ke6 80. Rb4 Ke7 81. Rc4 Kf7 82. Kh1 Ke6 83. Rb4 Rf2 84. Rb3 Kf5 85. Kg1
Ra2 86. Rb4 Kf6 87. Kf1 Ke7 88. Rb7+ Ke6 89. Ra7 Kd5 90. Ra8 Kc5 91. Ra5+ Kd4
92. Ke1 e4 93. fxe4 g4 94. e5 Ke3 95. Kd1 g3 96. e6 g2 97. Rg5 g1=R+ 98. Rxg1
Ra1+ 99. Kc2 Rxg1 100. e7 Rg8 101. Kc3 Rc8+ 102. Kb4 Re8 103. Kc5 Rxe7 104. a5
Re6 105. Kb5 Re5+ 106. Kb6 Re4 107. a6 Rb4+ 108. Ka5 Rb8 109. a7 Rf8 110. Kb6
Kd4 111. Kb7 Rf7+ 112. Kb8 Rf2 113. a8=Q Rf8+ 114. Kb7 Rxa8 115. Kxa8 1/2-1/2

[Event "ICS rated standard match"]
[Site "204.178.125.65"]
[Date "2000.04.18"]
[Round "?"]
[White "Hossa"]
[Black "chess-bomber"]
[Result "1-0"]
[WhiteElo "2289"]
[BlackElo "1989"]
[PlyCount "64"]
[EventDate "2000.??.??"]

1. e4 g6 2. d4 Bg7 3. Nc3 d6 4. Nf3 c6 5. Be2 Nd7 6. O-O h6 7. Be3 Qc7 8. Qd2
Ngf6 9. d5 c5 10. Bb5 a6 11. Be2 b5 12. Qd3 O-O 13. a3 Bb7 14. Bf4 Ng4 15. Qd2
Kh7 16. Bg3 Rac8 17. Ng5+ hxg5 18. Bxg4 Bf6 19. Rab1 c4 20. Ne2 Kg7 21. f4 c3
22. bxc3 gxf4 23. Bxf4 Rh8 24. Bg3 Ne5 25. Bxc8 Bxc8 26. Qc1 Ng4 27. Rf3 Qc5+
28. Kh1 Ne5 29. Bxe5 Bxe5 30. Nf4 Bg4 31. Rg3 Rh4 32. Nd3 Bf4 1-0

[Event "ICS rated standard match"]
[Site "204.178.125.65"]
[Date "2000.04.18"]
[Round "?"]
[White "chess-bomber"]
[Black "Hossa"]
[Result "0-1"]
[WhiteElo "1984"]
[BlackElo "2294"]
[PlyCount "25"]
[EventDate "2000.??.??"]

1. g3 d5 2. Bg2 e5 3. d3 Nc6 4. Nd2 Nf6 5. c3 Bd6 6. h3 O-O 7. Qc2 a5 8. b3 Re8
9. e4 d4 10. c4 a4 11. c5 Nb4 12. Qc4 Bxc5 13. Qxc5 0-1

[Event "ICS rated standard match"]
[Site "204.178.125.65"]
[Date "2000.04.18"]
[Round "?"]
[White "Hossa"]
[Black "chess-bomber"]
[Result "1-0"]
[WhiteElo "2299"]
[BlackElo "1979"]
[PlyCount "121"]
[EventDate "2000.??.??"]

1. e4 g6 2. d4 Bg7 3. Nc3 d6 4. Nf3 c6 5. Be2 Nd7 6. O-O h6 7. Be3 Qc7 8. Qd2
Ngf6 9. d5 c5 10. Bb5 a6 11. Be2 b5 12. Qd3 O-O 13. a3 Ng4 14. Bf4 Nde5 15.
Nxe5 Nxe5 16. Qd2 Kh7 17. Rfd1 c4 18. Be3 Bb7 19. Rab1 f5 20. Re1 Rf7 21. h4
Raf8 22. h5 f4 23. Bd4 Bc8 24. hxg6+ Kxg6 25. Bxe5 Bxe5 26. Bf3 Rg7 27. Ne2 Kh7
28. Nd4 Bg4 29. Bxg4 Rxg4 30. f3 Rg3 31. Ne6 Qa7+ 32. Kh1 Rf6 33. Rf1 h5 34.
Qa5 Qa8 35. Qc7 Qe8 36. b3 cxb3 37. cxb3 h4 38. Rf2 Kg6 39. Rbf1 Rxe6 40. dxe6
Kf6 41. Qd7 Qh5 42. Qc8 h3 43. Qf8+ Kxe6 44. Qf5+ Qxf5 45. exf5+ Kxf5 46. gxh3
Rxh3+ 47. Rh2 Rxh2+ 48. Kxh2 Bb2 49. a4 b4 50. Rg1 e5 51. Rg8 d5 52. Rf8+ Ke6
53. Kh3 d4 54. Rd8 Kf5 55. Rd6 e4 56. Rd5+ Ke6 57. fxe4 d3 58. Kg4 Bc1 59. Rxd3
Ke5 60. Kf3 Bb2 61. Rd5+ 1-0

[Event "ICS rated standard match"]
[Site "204.178.125.65"]
[Date "2000.04.18"]
[Round "?"]
[White "chess-bomber"]
[Black "Hossa"]
[Result "0-1"]
[WhiteElo "1975"]
[BlackElo "2303"]
[PlyCount "60"]
[EventDate "2000.??.??"]

1. g3 d5 2. Bg2 c6 3. d3 Nf6 4. Nd2 e5 5. c3 Nbd7 6. h3 Bd6 7. Qc2 O-O 8. Ngf3
Re8 9. e4 b6 10. O-O a5 11. b3 Ba6 12. Re1 Nc5 13. Bf1 Qd7 14. Kg2 Qc8 15. Bb2
Re7 16. b4 axb4 17. cxb4 Ncd7 18. a3 Bb5 19. a4 Ba6 20. Qb3 Qc7 21. Rac1 Ree8
22. exd5 Nxd5 23. b5 Bb7 24. bxc6 Bxc6 25. d4 exd4 26. Bb5 Nc5 27. Qc4 Rxe1 28.
Rxe1 d3 29. Nd4 Ne3+ 30. Kh2 Nxc4 0-1

[Event "ICS rated standard match"]
[Site "204.178.125.65"]
[Date "2000.04.18"]
[Round "?"]
[White "Hossa"]
[Black "Patzerpaul"]
[Result "1-0"]
[WhiteElo "2307"]
[BlackElo "2088"]
[PlyCount "61"]
[EventDate "2000.??.??"]

1. e4 c5 2. Nf3 d6 3. d4 cxd4 4. Nxd4 Nf6 5. Nc3 e6 6. Be2 a6 7. O-O Be7 8. Bg5
Nxe4 9. Bxe7 Nxc3 10. Bxd8 Nxd1 11. Bc7 Nxb2 12. Bxd6 Na4 13. Bf3 Nd7 14. Rfe1
Nf6 15. Nf5 g6 16. Ne3 Rg8 17. Nc4 h6 18. Ba3 h5 19. Rad1 Bd7 20. Bxb7 Ra7 21.
Nd6+ Kd8 22. Nxf7+ Kc7 23. Bf3 Nc3 24. Bd6+ Kc8 25. Be5 Nfd5 26. Rd3 Nb5 27. c4
Nb4 28. Rb3 Nxa2 29. cxb5 axb5 30. Re2 Be8 31. Rc2+ {Patzerpaul resigns} 1-0

[Event "ICS rated blitz match"]
[Site "204.178.125.65"]
[Date "2000.04.18"]
[Round "?"]
[White "Njall"]
[Black "Hossa"]
[Result "0-1"]
[WhiteElo "2065"]
[BlackElo "2467"]
[PlyCount "54"]
[EventDate "2000.??.??"]

1. d4 d5 2. c4 e6 3. Nc3 Nf6 4. Bf4 dxc4 5. e3 Nd5 6. Bg3 Bb4 7. Qc2 c5 8. Bxc4
Nb6 9. Bb5+ Bd7 10. Bxd7+ N8xd7 11. dxc5 Nxc5 12. Rd1 Ncd7 13. Nge2 O-O 14. O-O
Qc8 15. Bd6 Bxd6 16. Rxd6 Rd8 17. Rfd1 Nc4 18. R6d4 Nce5 19. f4 Nc4 20. Kf2 Qc6
21. b3 Ncb6 22. Qd3 Rac8 23. Rd6 Qc7 24. Ne4 Nd5 25. N2c3 Nc5 26. Nxd5 Nxd3+
27. Rxd3 exd5 {Njall resigns} 0-1

[Event "ICS rated blitz match"]
[Site "204.178.125.65"]
[Date "2000.04.18"]
[Round "?"]
[White "Njall"]
[Black "Hossa"]
[Result "0-1"]
[WhiteElo "2059"]
[BlackElo "2473"]
[PlyCount "40"]
[EventDate "2000.??.??"]

1. d4 d5 2. c4 e6 3. Nc3 Nf6 4. Bf4 dxc4 5. e3 Nd5 6. Bxc4 Nxf4 7. exf4 Bd6 8.
Nge2 O-O 9. O-O Nd7 10. Qd2 Nb6 11. Bd3 Bd7 12. Ne4 Ba4 13. b3 Bc6 14. N2g3 Nd5
15. f5 Bf4 16. Qe2 Bxg3 17. Nxg3 Nf4 18. Qe3 Nxg2 19. Qe5 Nh4 20. fxe6 Nf3+ {
Njall resigns} 0-1

[Event "ICS rated blitz match"]
[Site "204.178.125.65"]
[Date "2000.04.18"]
[Round "?"]
[White "Hossa"]
[Black "Njall"]
[Result "1-0"]
[WhiteElo "2476"]
[BlackElo "2056"]
[PlyCount "51"]
[EventDate "2000.??.??"]

1. Nf3 Nf6 2. g3 g6 3. Bg2 Bg7 4. O-O O-O 5. d4 d6 6. c4 Nbd7 7. Nc3 e5 8. dxe5
Nxe5 9. Nxe5 dxe5 10. Bg5 c6 11. Qxd8 Rxd8 12. Ne4 Nxe4 13. Bxd8 Nd2 14. Rfd1
Nxc4 15. b3 Nb6 16. Bxb6 axb6 17. Rd8+ Bf8 18. Bh3 f5 19. e4 Kg7 20. exf5 gxf5
21. Bxf5 Rxa2 22. Rxa2 Bxf5 23. Rb8 b5 24. Rxb7+ Kf6 25. Ra6 Be4 26. Rxb5 {
Njall resigns} 1-0

[Event "ICS rated blitz match"]
[Site "204.178.125.65"]
[Date "2000.04.18"]
[Round "?"]
[White "Tubbydog"]
[Black "Hossa"]
[Result "0-1"]
[WhiteElo "2037"]
[BlackElo "2479"]
[PlyCount "28"]
[EventDate "2000.??.??"]

1. e4 d5 2. exd5 Qxd5 3. Nc3 Qe5+ 4. Be2 Qg5 5. Nf3 Qxg2 6. Rg1 Qh3 7. d4 Nf6
8. Bf4 Qd7 9. Qd3 Nc6 10. O-O-O Nb4 11. Qc4 Qf5 12. Qxb4 Qxf4+ 13. Kb1 c6 14.
d5 Qxb4 {Tubbydog resigns} 0-1

[Event "ICS rated blitz match"]
[Site "204.178.125.65"]
[Date "2000.04.18"]
[Round "?"]
[White "Hossa"]
[Black "Tinker"]
[Result "0-1"]
[WhiteElo "2481"]
[BlackElo "2394"]
[PlyCount "162"]
[EventDate "2000.??.??"]

1. e4 e5 2. Nf3 Nc6 3. Nc3 Nf6 4. Nxe5 Nxe5 5. d4 Ng6 6. e5 Ng8 7. Bc4 Bb4 8.
Qf3 Qe7 9. O-O Bxc3 10. bxc3 Nh4 11. Qg4 Ng6 12. Qf3 Rb8 13. Qh5 h6 14. f4 Kf8
15. Bd3 Qe8 16. f5 Nxe5 17. dxe5 Qxe5 18. Qh4 Nf6 19. Ba3+ d6 20. Qd4 Qxd4+ 21.
cxd4 Rh7 22. Rfe1 Bd7 23. c4 Kg8 24. Rab1 b6 25. Bb2 Rh8 26. d5 Re8 27. Bxf6
gxf6 28. Rxe8+ Bxe8 29. Re1 Kf8 30. Re3 Bd7 31. Rh3 Ke8 32. Re3+ Kd8 33. Kf2 h5
34. Kg1 c6 35. dxc6 Bxc6 36. Bf1 Rg8 37. Ra3 a5 38. Rb3 Kc7 39. Re3 Kd8 40. Rb3
Rg5 41. Rxb6 Kc7 42. Rb1 Rxf5 43. Rb2 Bb7 44. Bd3 Re5 45. Rf2 Re1+ 46. Bf1 Ba6
47. Rc2 h4 48. Kf2 Rd1 49. g3 hxg3+ 50. hxg3 f5 51. Be2 Rh1 52. Bf3 Rh2+ 53.
Bg2 Kb6 54. Kg1 Rh5 55. Bd5 f6 56. Rd2 Rg5 57. Kf2 Kc5 58. Be6 Bb7 59. Bd5 Rg7
60. a4 Bc8 61. Rb2 Ba6 62. Rd2 Rg4 63. Be6 Rd4 64. Rxd4 Kxd4 65. Kf3 Ke5 66.
Bd5 Kd4 67. Be6 Bxc4 68. Bxc4 Kxc4 69. Ke3 d5 70. Kd2 d4 71. Ke2 Kc3 72. Kf2 d3
73. Ke3 d2 74. Ke2 Kc2 75. Kf3 d1=Q+ 76. Kf2 Qg4 77. Kg2 Qe2+ 78. Kg1 Kd3 79.
Kh1 Ke3 80. g4 Kf3 81. gxf5 Qg2# {Hossa checkmated} 0-1

[Event "ICS rated blitz match"]
[Site "204.178.125.65"]
[Date "2000.04.18"]
[Round "?"]
[White "D-Zagorskis"]
[Black "Hossa"]
[Result "1-0"]
[WhiteElo "2478"]
[BlackElo "2461"]
[PlyCount "163"]
[EventDate "2000.??.??"]

1. Nf3 f5 2. d4 e6 3. g3 Nc6 4. Bg2 Nf6 5. O-O d5 6. c4 dxc4 7. Qa4 Bd7 8. Qxc4
Bc8 9. Nc3 Be7 10. Rd1 Bd7 11. Ne5 Na5 12. Qd3 O-O 13. Rb1 Rb8 14. Bd2 Bc6 15.
Nxc6 Nxc6 16. Bxc6 bxc6 17. Qc4 Qd7 18. a3 Nd5 19. e3 Nxc3 20. Qxc3 Qd5 21.
Rbc1 c5 22. Be1 Qf3 23. Qc4 Rxb2 24. Qxe6+ Rf7 25. dxc5 f4 26. exf4 Re2 27. Qc4
Bf8 28. Rd7 Ree7 29. Rxe7 Bxe7 30. Qc3 Qg4 31. Qc4 Qf3 32. Qc3 Qg4 33. Bd2 Bf8
34. Qc4 Qf3 35. Be3 Be7 36. Rb1 h5 37. c6 h4 38. Bxa7 Bf8 39. Be3 hxg3 40. hxg3
Qh5 41. a4 Kh8 42. Kg2 Qf5 43. Rh1+ Kg8 44. Rd1 Bd6 45. Rd5 Qe6 46. Rd4 Qg6 47.
a5 Qg4 48. a6 Qc8 49. a7 Qa8 50. Re4 Ba3 51. Qa6 Rf8 52. Qb7 Bd6 53. Qxa8 Rxa8
54. Ra4 Kf8 55. Ra5 Kf7 56. Rb5 Ke6 57. Rb8 Rxa7 58. Bxa7 Ba3 59. Be3 Kd5 60.
Ra8 Bb2 61. Ra6 Bf6 62. Kf3 Ke6 63. Ke4 Kf7 64. Bc5 Bd8 65. Ra8 Be7 66. Bxe7
Ke6 67. Bc5 g5 68. f5+ Kf6 69. Rf8+ Kg7 70. f6+ Kg6 71. f7 Kf6 72. g4 Ke6 73.
Re8+ Kxf7 74. Re7+ Kf6 75. f3 Kg6 76. Ke5 Kh6 77. Re8 Kg6 78. Rf8 Kg7 79. Kf5
Kh6 80. Kf6 Kh7 81. Re8 Kh6 82. Rh8# {Hossa checkmated} 1-0

[Event "ICS rated blitz match"]
[Site "204.178.125.65"]
[Date "2000.04.18"]
[Round "?"]
[White "QueenMaxima"]
[Black "Hossa"]
[Result "0-1"]
[WhiteElo "2429"]
[BlackElo "2446"]
[PlyCount "170"]
[EventDate "2000.??.??"]

1. d4 d5 2. c4 e6 3. Nc3 Nf6 4. Nf3 Bb4 5. Bf4 dxc4 6. Qc2 Nd5 7. Bd2 Nc6 8.
O-O-O O-O 9. e4 Nxc3 10. Bxc3 Bxc3 11. Qxc3 b5 12. d5 exd5 13. Rxd5 Qe7 14.
Rxb5 Qxe4 15. Qxc4 Qxc4+ 16. Bxc4 Bg4 17. Rc5 Bxf3 18. gxf3 Nd4 19. Rd1 Ne6 20.
Rc6 Rae8 21. Rd7 a5 22. Kc2 Rc8 23. Bb3 Ng5 24. Bd5 Nh3 25. Rcxc7 Rxc7+ 26.
Rxc7 Nf4 27. Bb3 Ne2 28. Kb1 g6 29. Ra7 Rc8 30. Bxf7+ Kh8 31. a4 Rc1+ 32. Ka2
Rc5 33. Ra8+ Kg7 34. Be8 Nd4 35. Ra7+ Kh6 36. Bf7 Kg5 37. h3 Re5 38. Bc4 h5 39.
Bd3 Ne6 40. Rf7 Rc5 41. Be4 Rc4 42. b3 Rc3 43. Rb7 Kf6 44. Rb6 Ke7 45. Rb5 Nf4
46. Rxa5 h4 47. Ra7+ Kf6 48. Kb2 Rc8 49. Ra6+ Kg5 50. Ra5+ Kh6 51. b4 Nxh3 52.
Ra6 Nf4 53. Rf6 Kg5 54. Rd6 h3 55. Rd1 Kh4 56. b5 h2 57. Kb1 Kh3 58. Bxg6 Nxg6
59. a5 Rc5 60. b6 Kg2 61. a6 Rb5+ 62. Kc2 Rxb6 63. a7 Rc6+ 64. Kb2 Ra6 65. Kc2
Ra2+ 66. Kd3 Rxa7 67. Ke4 Ra4+ 68. Ke3 Ra3+ 69. Ke4 Rxf3 70. Rb1 Rxf2 71. Ke3
h1=Q 72. Rxh1 Rf3+ 73. Ke4 Rf4+ 74. Kd5 Kxh1 75. Kd6 Kg2 76. Kc6 Kf3 77. Kd5
Ke3 78. Kc5 Kd3 79. Kd5 Rf6 80. Kc5 Ne7 81. Kb5 Kc3 82. Kc5 Rg6 83. Kb5 Rc6 84.
Ka5 Kc4 85. Ka4 Ra6# 0-1

[Event "ICS rated standard match"]
[Site "204.178.125.65"]
[Date "2000.04.18"]
[Round "?"]
[White "chess-bomber"]
[Black "Hossa"]
[Result "0-1"]
[WhiteElo "1990"]
[BlackElo "2314"]
[PlyCount "52"]
[EventDate "2000.??.??"]

1. g3 d5 2. Bg2 c6 3. d3 Nf6 4. Nd2 e5 5. c3 Nbd7 6. h3 Bd6 7. Ngf3 O-O 8. e4
Nc5 9. Qc2 Bc7 10. b4 dxe4 11. dxe4 Qd3 12. Qxd3 Nxd3+ 13. Ke2 Rd8 14. Ne1
Nxc1+ 15. Rxc1 a5 16. Rc2 axb4 17. cxb4 Be6 18. Nd3 Bxa2 19. Ra1 Bc4 20. Nxc4
Rxa1 21. Ncxe5 Rg1 22. Bf3 Bxe5 23. Nxe5 Re8 24. Rc5 Rb1 25. b5 cxb5 26. Ke3 b6
0-1

[Event "ICS rated blitz match"]
[Site "204.178.125.65"]
[Date "2000.04.18"]
[Round "?"]
[White "Hossa"]
[Black "platz"]
[Result "1-0"]
[WhiteElo "2461"]
[BlackElo "1984"]
[PlyCount "62"]
[EventDate "2000.??.??"]

1. e4 e6 2. d4 d5 3. Nc3 Bb4 4. e5 Ne7 5. a3 Bxc3+ 6. bxc3 c5 7. a4 b6 8. Nf3
Nec6 9. Bg5 Qc7 10. Bd3 Ba6 11. O-O Bxd3 12. cxd3 cxd4 13. cxd4 h6 14. Bc1 O-O
15. Ba3 Rc8 16. Bd6 Qb7 17. Qe2 Qa6 18. Rfc1 Nd7 19. g3 Na5 20. Rcb1 Rc6 21.
Bb4 Rac8 22. Ne1 Nf8 23. Qh5 Ng6 24. f4 R6c7 25. f5 exf5 26. e6 fxe6 27. Qxg6
Rc6 28. Ra2 Nb7 29. Bd2 Kh8 30. Ra3 Nd6 31. Nf3 Ne8 {platz resigns} 1-0

[Event "ICS rated blitz match"]
[Site "204.178.125.65"]
[Date "2000.04.18"]
[Round "?"]
[White "Hossa"]
[Black "Tinker"]
[Result "1-0"]
[WhiteElo "2463"]
[BlackElo "2373"]
[PlyCount "105"]
[EventDate "2000.??.??"]

1. e4 e5 2. Nf3 Nc6 3. Bc4 d6 4. d4 Nxd4 5. Nxd4 exd4 6. Qxd4 Nf6 7. O-O Bd7 8.
Nc3 Be7 9. Bg5 O-O 10. Bb3 Ng4 11. Bxe7 Qxe7 12. Nd5 Qd8 13. f3 Ne5 14. f4 Ng4
15. h3 Nh6 16. Rf3 c5 17. Qd3 b5 18. c4 bxc4 19. Bxc4 Rb8 20. Rg3 Kh8 21. Qc3
Rg8 22. Rd1 Qh4 23. Rg5 Rbe8 24. Bf1 Re5 25. Qe3 f6 26. fxe5 fxg5 27. Ne7 Re8
28. exd6 g4 29. g3 Qf6 30. Qxc5 gxh3 31. Rd2 Qf3 32. Qf2 Qxe4 33. Qxa7 Bb5 34.
d7 Rd8 35. Qc7 Qxe7 36. Bxb5 Qe1+ 37. Bf1 h2+ 38. Rxh2 Qe7 39. Re2 Qxd7 40.
Qxd7 Rxd7 41. Re8+ Ng8 42. Bc4 h6 43. Rxg8+ Kh7 44. Rb8 Kg6 45. Kf2 Rd2+ 46.
Ke3 Rg2 47. Kf3 Rd2 48. b4 Rd4 49. Rc8 Kf5 50. g4+ Ke5 51. a4 Rf4+ 52. Kg3 Re4
53. Re8+ {Tinker resigns} 1-0